| 000 | 00782cam a22002531 4500 | ||
|---|---|---|---|
| 001 | sa 68018350 | ||
| 003 | DLC | ||
| 005 | 20260227112710.0 | ||
| 008 | 890913s1964 ii 000 0 tamo | ||
| 010 | _asa 68018350 | ||
| 035 | _a(OCoLC)20336090 | ||
| 040 |
_aDLC _cWaU _dDLC |
||
| 042 | _apremarc | ||
| 050 | 0 | 0 |
_aPL4758.9.T33 _bE5 |
| 100 | 0 |
_aChidbhavananda, _cSwami. |
|
| 245 | 1 | 0 | _aTāyumān̲avar iyar̲r̲iya Eṅkum niraikin̲r̲a poruḷ. |
| 260 | _c1964. | ||
| 300 |
_a124 p. _c18 cm. |
||
| 500 | _aIn Tamil. | ||
| 500 | _aIncludes Eṅum nir̲aikin̲r̲a poruḷ by Tāyumān̲avar. | ||
| 600 | 0 | 0 |
_aTāyumān̲avar, _d1705-1742. |
| 700 | 0 |
_aTāyumān̲avar, _d1705-1742. _tEṅkum nir̲raikin̲r̲a porul̇. _f1968. |
|
| 740 | 0 | _aEṅkum nir̲aikin̲r̲a poruḷ. | |
| 999 |
_c88347 _d88347 |
||